Morbid symptoms : (Record no. 27639)
[ view plain ]
| 000 -LEADER | |
|---|---|
| fixed length control field | 02488cam a22003735i 4500 |
| 001 - CONTROL NUMBER | |
| control field | 19011456 |
| 003 - CONTROL NUMBER IDENTIFIER | |
| control field | EG-ScBUE |
| 005 - DATE AND TIME OF LATEST TRANSACTION | |
| control field | 20190922141131.0 |
| 008 - FIXED-LENGTH DATA ELEMENTS--GENERAL INFORMATION | |
| fixed length control field | 160310t2016 cau f b 001 0 eng d |
| 020 ## - INTERNATIONAL STANDARD BOOK NUMBER | |
| International Standard Book Number | 9781503600317 |
| 040 ## - CATALOGING SOURCE | |
| Original cataloging agency | CSt/DLC |
| Language of cataloging | eng |
| Description conventions | rda |
| Transcribing agency | CSt |
| Modifying agency | DLC |
| -- | EG-ScBUE |
| 043 ## - GEOGRAPHIC AREA CODE | |
| Geographic area code | ma----- |
| -- | a-sy--- |
| -- | f-ua--- |
| 082 04 - DEWEY DECIMAL CLASSIFICATION NUMBER | |
| Classification number | 909.097492708312 |
| Item number | ACH |
| Edition number | 22 |
| 100 1# - MAIN ENTRY--PERSONAL NAME | |
| Personal name | Achcar, Gilbert, |
| Relator term | author. |
| 9 (RLIN) | 40000 |
| 245 10 - TITLE STATEMENT | |
| Title | Morbid symptoms : |
| Remainder of title | relapse in the Arab uprising / |
| Statement of responsibility, etc | Gilbert Achcar. |
| 264 #1 - PUBLICATION, DISTRIBUTION, ETC. (IMPRINT) | |
| Place of publication, distribution, etc | Stanford, California : |
| Name of publisher, distributor, etc | Stanford University Press, |
| Date of publication, distribution, etc | [2016] |
| 264 #4 - PUBLICATION, DISTRIBUTION, ETC. (IMPRINT) | |
| Date of publication, distribution, etc | c2016 |
| 300 ## - PHYSICAL DESCRIPTION | |
| Extent | xi, 226 pages ; |
| Dimensions | 23 cm. |
| 336 ## - CONTENT TYPE | |
| Content type term | text |
| Content type code | txt |
| Source | rdacontent |
| 337 ## - MEDIA TYPE | |
| Media type term | unmediated |
| Media type code | n |
| Source | rdamedia |
| 338 ## - CARRIER TYPE | |
| Carrier type term | volume |
| Carrier type code | nc |
| Source | rdacarrier |
| 490 0# - SERIES STATEMENT | |
| Series statement | Stanford studies in Middle Eastern and Islamic societies and cultures |
| 504 ## - BIBLIOGRAPHY, ETC. NOTE | |
| Bibliography, etc | Includes bibliographical references and index. |
| 505 0# - FORMATTED CONTENTS NOTE | |
| Formatted contents note | Introduction : of revolutionary cycles and seasons -- "Democratic transition" and revolutionary process -- One revolution, two counter-revolutions -- Syria : the clash of barbarisms -- The abandonment of the Syrian people -- The making of the Syrian disaster -- The Assad regime's preferred enemy -- Turkey's and the Gulf monarchies' preferred friends -- The Syrian predicament -- Russian intervention and Western wavering -- Whither Syria? -- Egypt : the "23 July" of Abdul-Fattah al-Sisi -- How the Muslim Brotherhood's bid for power unfolded -- Neither lion nor fox -- Incensing the country -- Enter Tamarrod -- Nasserist illusions -- The military's second hijacking of the people's will -- The ruthless rise of Abdul-Fattah al-Sisi -- The tailoring of Sisi's presidential suit -- The farcical aspect of Egypt's tragedy -- Neoliberal constancy -- Megalomania and megaprojects -- The military's takeover of Egypt -- Whither Egypt? -- Conclusion : "Arab winter" and hope -- Libya and Yemen : two variations on the same tune -- The Tunisian "model" and its limits -- The Arab left and the strategic challenge. |
| 650 #7 - SUBJECT ADDED ENTRY--TOPICAL TERM | |
| Topical term or geographic name as entry element | Arab Spring, 2010- |
| Source of heading or term | BUEsh |
| 650 #7 - SUBJECT ADDED ENTRY--TOPICAL TERM | |
| Topical term or geographic name as entry element | Protest movements |
| Geographic subdivision | Arab countries. |
| Source of heading or term | BUEsh |
| 651 #7 - SUBJECT ADDED ENTRY--GEOGRAPHIC NAME | |
| Geographic name | Syria |
| General subdivision | History |
| Chronological subdivision | Civil War, 2011- |
| Source of heading or term | BUEsh |
| 651 #7 - SUBJECT ADDED ENTRY--GEOGRAPHIC NAME | |
| Geographic name | Egypt |
| General subdivision | History |
| Chronological subdivision | Protests, 2011-2013. |
| Source of heading or term | BUEsh |
| 651 #7 - SUBJECT ADDED ENTRY--GEOGRAPHIC NAME | |
| Geographic name | Syria |
| General subdivision | Politics and government |
| Chronological subdivision | 2000- |
| Source of heading or term | BUEsh |
| 9 (RLIN) | 32262 |
| 651 #7 - SUBJECT ADDED ENTRY--GEOGRAPHIC NAME | |
| Geographic name | Egypt |
| General subdivision | Politics and government |
| Chronological subdivision | 21st century. |
| Source of heading or term | BUEsh |
| 653 ## - INDEX TERM--UNCONTROLLED | |
| Resource For college | MASTER - Political Science |
| Arrived date list | September2019 |
| 942 ## - ADDED ENTRY ELEMENTS (KOHA) | |
| Source of classification or shelving scheme | Dewey Decimal Classification |
| Koha item type | Book - Borrowing |
| Withdrawn status | Lost status | Source of classification or shelving scheme | Damaged status | Not for loan | Collection code | Home library | Current library | Shelving location | Date acquired | Source of acquisition | Cost, normal purchase price | Total Checkouts | Full call number | Barcode | Date last seen | Cost, replacement price | Price effective from | Koha item type |
|---|---|---|---|---|---|---|---|---|---|---|---|---|---|---|---|---|---|---|
| Dewey Decimal Classification | Baccah | Central Library | Central Library | Second Floor | 22/09/2019 | Purchase | 390.00 | 909.097492708312 ACH | 000048102 | 15/07/2025 | 487.50 | 22/09/2019 | Book - Borrowing |